Principles of biology / (Record no. 7476)
[ view plain ]
| 000 -LEADER | |
|---|---|
| fixed length control field | 01004cam a2200289 i 4500 |
| 001 - CONTROL NUMBER | |
| JCCL Control Number | 7476 |
| 003 - CONTROL NUMBER IDENTIFIER | |
| JCCL marc code | BD-JhCC |
| 005 - DATE AND TIME OF LATEST TRANSACTION | |
| control field | 20180210185219.0 |
| 008 - FIXED-LENGTH DATA ELEMENTS--GENERAL INFORMATION | |
| fixed length control field | 131029t20152015nyua 001 0 eng |
| 020 ## - INTERNATIONAL STANDARD BOOK NUMBER | |
| International Standard Book Number | 9780073532271 |
| 020 ## - INTERNATIONAL STANDARD BOOK NUMBER | |
| International Standard Book Number | 0073532274 |
| 035 ## - SYSTEM CONTROL NUMBER | |
| system control number | (BD-JhCC)7476 |
| 040 ## - CATALOGING SOURCE | |
| Original cataloging agency | DLC |
| Description conventions | rda |
| Transcribing agency | DLC |
| Modifying agency | OCLCF |
| -- | UkCU |
| -- | BD-JhCC |
| 041 ## - LANGUAGE CODE | |
| Language code of Book | eng |
| 050 00 - LIBRARY OF CONGRESS CALL NUMBER | |
| Classification number | QH308.2 |
| Item number | .B75 2015 |
| 082 00 - DEWEY DECIMAL CLASSIFICATION NUMBER | |
| Classification number | 570 |
| DDC Edition number | 23 |
| Author mark and Year | BRO 2015 |
| 100 1# - MAIN ENTRY--PERSONAL NAME | |
| Personal name | Brooker, Robert J., |
| 245 10 - TITLE STATEMENT | |
| Title | Principles of biology / |
| Statement of responsibility, etc | Robert J. Brooker (University of Minnesota-Minneapolis), Eric P. Widmaier (Boston University), Linda E. Graham (University of Wisconsin-Madison), Peter D. Stiling (University of South Florida). |
| 300 ## - PHYSICAL DESCRIPTION | |
| Pagination | 1 volume (various pagings) : |
| Other physical details | colour illustrations ; |
| Dimensions | 29 cm |
| 500 ## - GENERAL NOTE | |
| General note | Includes index. |
| 650 #0 - SUBJECT ADDED ENTRY--TOPICAL TERM | |
| Topical term or geographic name as entry element | Biology |
| Form subdivision | Textbooks. |
| 700 1# - ADDED ENTRY--PERSONAL NAME | |
| Personal name | Widmaier, Eric P., |
| 700 1# - ADDED ENTRY--PERSONAL NAME | |
| Personal name | Graham, Linda E., |
| Dates associated with a name | 1946- |
| 700 1# - ADDED ENTRY--PERSONAL NAME | |
| Personal name | Stiling, Peter D., |
| 942 ## - ADDED ENTRY ELEMENTS (KOHA) | |
| Source of classification or shelving scheme | Dewey Decimal Classification |
| Koha item type | Books |
| Source of classification or shelving scheme | Damaged status | Not for loan | Home library | Current library | Shelving location | Total Checkouts | Full call number | Barcode | Date last seen | Copy number | Koha item type |
|---|---|---|---|---|---|---|---|---|---|---|---|
| Dewey Decimal Classification | JCC Rouf Library | JCC Rouf Library | General Stacks | 570 BRO 2015 | 10110 | 02/10/2018 | C - 1 | Books |